RailsSpace : building a social networking Website with Ruby on Rails (Record no. 34255)

MARC details
000 -LEADER
fixed length control field 00578nam a2200181Ia 4500
020 ## - INTERNATIONAL STANDARD BOOK NUMBER
ISBN 9780321480798 |a 0321480791
050 ## - CALL MARK
Classification number TK 5105 .888 .H374/
100 ## - STATEMENT OF RESPONSIBILITY--MAIN AUTHOR NAME
Personal name Hartl, Michael.
245 #0 - TITLE STATEMENT
Title RailsSpace : building a social networking Website with Ruby on Rails
260 ## - PUBLICATION, DISTRIBUTION, ETC. (IMPRINT)
Place of publication Upper Saddle River, N.J.
260 ## - PUBLICATION, DISTRIBUTION, ETC. (IMPRINT)
Name of publisher Addison-Wesley
260 ## - PUBLICATION, DISTRIBUTION, ETC. (IMPRINT)
Year of publication 2007
300 ## - PHYSICAL DESCRIPTION
Number of Pages 537 p
650 ## - SUBJECT ADDED ENTRY--TOPICAL TERM
Topical Term RailsSpace (Electronic resource) Web site development. Ruby (Computer program language)
942 ## - ADDED ENTRY ELEMENTS (KOHA)
Koha item type Books
Holdings
Withdrawn status Lost status Source of classification or shelving scheme Damaged status Not for loan Permanent Location Current Location Date acquired Accession Number Price effective from Koha item type
    Library of Congress Classification     NILE UNIVERSITY OF NIGERIA - MAIN LIBRARY NILE UNIVERSITY OF NIGERIA - MAIN LIBRARY 04/23/2025 0000419 04/23/2025 Books